000 00555nam a2200181Ia 4500
003 GCL
008 140319s9999 xx 000 0 ara d
040 _aGCL /
_cGCL
082 0 4 _a811.094
_bح د
100 1 _aحبيب عوض الفيومى
245 1 0 _aديوان حبيب عوض الفيومى /
_cحبيب عوض الفيومى
300 _a115 ص
490 _aالالف كتاب
_v0
650 0 4 _aالشعر العربى
650 0 4 _aالادب العربى
650 0 4 _aالشعر العربى - العصر الحديث
942 _2ddc
_cBK
999 _c45334
_d45334